[Event "FRA-ch U12 Girls"]
[Site "Aix les Bains"]
[Date "2009.04.26"]
[Round "9"]
[White "Legrand, Claire"]
[Black "Lin, Yun"]
[Result "1-0"]
[WhiteElo "1607"]
[BlackElo "1570"]
[PlyCount "149"]
[EventDate "2009.04.19"]
[EventType "swiss"]
[EventRounds "9"]
[EventCountry "FRA"]
[SourceTitle "CBM 130 Extra"]
[Source "ChessBase"]
[SourceDate "2009.07.02"]
[SourceVersion "2"]
[SourceVersionDate "2009.07.15"]
[SourceQuality "1"]

1. e4 c5 2. d3 Nc6 3. Nd2 g6 4. Ngf3 Bg7 5. g3 d6 6. Bg2 e6 7. 0-0 Nge7 8. c3 0-0 9. Re1 b6 10. h4 a5 11. Qe2 Rb8 12. Nh2 b5 13. Ndf1 b4 14. Bd2 Ba6 15. f4 f5 16. exf5 exf5 17. Nf3 Re8 18. Ng5 Bc8 19. d4 d5 20. Ne6 Bxe6 21. Qxe6+ Kh8 22. dxc5 Qc8 23. Bxd5 Qxe6 24. Bxe6 Rbd8 25. Rad1 Nc8 26. Bb3 Bf6 27. Ba4 N8a7 28. cxb4 axb4 29. Rxe8+ Rxe8 30. Bxb4 Rd8 31. Rxd8+ Bxd8 32. Bc3+ Kg8 33. Ne3 Kf7 34. Kf2 Ne7 35. Bb3+ Ke8 36. Nd5 Nac6 37. Nxe7 Nxe7 38. Ke3 Kd7 39. Ba4+ Kc7 40. Ba5+ Kc8 41. Bxd8 Kxd8 42. Kd4 Kc7 43. b4 h5 44. Ke5 Kc8 45. Kd6 Kd8 46. c6 Nc8+ 47. Kc5 Kc7 48. b5 Nb6 49. Bb3 Nc8 50. Bf7 Ne7 51. a4 Kc8 52. Kd6 Kd8 53. c7+ Kc8 54. Kxe7 Kxc7 55. Bxg6 Kb6 56. Bxf5 Kc7 57. a5 Kb7 58. a6+ Kb6 59. Bg6 Ka7 60. f5 Kb6 61. f6 Ka7 62. f7 Kb6 63. f8Q Ka7 64. Kd7 Kb6 65. Qd8+ Kc5 66. Qe7+ Kd4 67. Qe4+ Kc3 68. Kd6 Kb3 69. Qd3+ Kb2 70. Qc2+ Ka3 71. Qb1 Ka4 72. Bc2+ Ka5 73. b6 Kxa6 74. Kc6 Ka5 75. Qb5# 1-0

[Event "Charleville Mezieres op 5th"]
[Site "Charleville Mezieres"]
[Date "2008.??.??"]
[Round "3"]
[White "Lin, Yun"]
[Black "Leghbali, Sophiane"]
[Result "1/2-1/2"]
[WhiteElo "1540"]
[BlackElo "1876"]
[PlyCount "88"]
[EventDate "2008.12.26"]
[EventType "swiss"]
[EventRounds "7"]
[EventCountry "FRA"]
[SourceTitle "CBM 128 Extra"]
[Source "ChessBase"]
[SourceDate "2009.03.05"]
[SourceVersion "2"]
[SourceVersionDate "2009.03.25"]
[SourceQuality "1"]

1. e4 e6 2. d4 d5 3. exd5 exd5 4. Nc3 c6 5. Nf3 Bd6 6. Be2 Ne7 7. 0-0 0-0 8. Re1 b6 9. Bg5 f6 10. Be3 Ba6 11. a3 Re8 12. Bxa6 Nxa6 13. Qd3 Nc7 14. Qd2 Ng6 15. Re2 Qd7 16. Rae1 Re7 17. Qd3 Rae8 18. Bd2 Rxe2 19. Rxe2 Rxe2 20. Qxe2 Qe6 21. Qxe6+ Nxe6 22. Ne2 Ngf4 23. Nxf4 Nxf4 24. Kf1 Kf7 25. h3 Ke6 26. Ng1 Kf5 27. Ne2 Nxe2 28. Kxe2 Ke4 29. c3 Kf5 30. Kf3 g5 31. Be3 h5 32. Bd2 g4+ 33. hxg4+ hxg4+ 34. Ke2 Bf4 35. Bxf4 Kxf4 36. Kd2 Ke4 37. Ke2 a5 38. b4 a4 39. Kd2 f5 40. Ke2 f4 41. Kd2 Kf5 42. Ke2 Kg5 43. Kf1 Kf5 44. Ke2 Ke6 1/2-1/2

[Event "Champagne-chT"]
[Site "Ardennes"]
[Date "2005.05.05"]
[Round "3"]
[White "Louot, Catherine"]
[Black "Lin, Yun"]
[Result "1-0"]
[WhiteElo "1300"]
[BlackElo "1009"]
[PlyCount "21"]
[EventDate "2005.05.05"]
[EventType "team"]
[EventRounds "8"]
[EventCountry "FRA"]
[SourceTitle "EXT 2007"]
[Source "ChessBase"]
[SourceDate "2006.11.23"]
[SourceVersion "1"]
[SourceVersionDate "2006.11.23"]
[SourceQuality "1"]

1. e4 e5 2. d4 Nc6 3. d5 Nb4 4. c3 Na6 5. Bc4 b6 6. Qh5 g6 7. Qxe5+ Be7 8. Qxh8 Kf8 9. Bh6+ Ke8 10. Qxg8+ Bf8 11. Qxf8# 1-0

[Event "Champagne-chT"]
[Site "Ardennes"]
[Date "2005.05.05"]
[Round "1"]
[White "Poisseroux, Benoit"]
[Black "Lin, Yun"]
[Result "1-0"]
[WhiteElo "1890"]
[BlackElo "1009"]
[PlyCount "97"]
[EventDate "2005.05.05"]
[EventType "team"]
[EventRounds "8"]
[EventCountry "FRA"]
[SourceTitle "EXT 2007"]
[Source "ChessBase"]
[SourceDate "2006.11.23"]
[SourceVersion "1"]
[SourceVersionDate "2006.11.23"]
[SourceQuality "1"]

1. d4 d5 2. g3 Bg4 3. h3 Bf5 4. Bg2 Nf6 5. c4 e6 6. Nc3 Bb4 7. Bd2 0-0 8. a3 Bxc3 9. Bxc3 Nc6 10. cxd5 exd5 11. Nf3 Re8 12. 0-0 Qe7 13. Kh2 Rad8 14. Re1 h6 15. Nd2 a6 16. b4 b5 17. a4 Ne4 18. Nxe4 Bxe4 19. axb5 axb5 20. e3 Bxg2 21. Kxg2 Qd6 22. Ra6 Ra8 23. Qa1 Rxa6 24. Qxa6 Rd8 25. Qxb5 Rb8 26. Qc5 Qxc5 27. bxc5 Ra8 28. Rb1 Na5 29. Ra1 c6 30. Rxa5 Rxa5 31. Bxa5 f6 32. f4 g5 33. fxg5 fxg5 34. Kf3 Kg7 35. e4 dxe4+ 36. Kxe4 Kg6 37. Ke5 h5 38. g4 hxg4 39. hxg4 Kh6 40. Kd6 Kg7 41. Kxc6 Kf6 42. Kd7 Kf7 43. c6 Kf8 44. Bb4+ Kg7 45. c7 Kg6 46. c8Q Kf6 47. Be7+ Kg6 48. Qg8+ Kh6 49. Bxg5# 1-0